000 00412 a2200145 4500
020 _a0750636351
040 _aDLC
_bDLC
245 1 0 _aRadio Designer's Handbook
_cedited by Fritz Langford-Smith
250 _aClassic ed.
260 _aButterworth-Heinemann,
_bC1997.
300 _a1498 p. :
_bill.
500 _aRevised reprint with addenda,
700 1 _aLangford-Smith, Fritz.
942 _cBK
_k621.384136 LAN
_2ddc
999 _c8356
_d8356